• 首页
  • 本馆介绍
  • 公告通知
  • 最新文献
  • 馆藏检索
  • 电子资源
  • 读者导购
  • 参考咨询
  • 我的图书馆
  • 登录
  • 详细信息显示
  • 放入我的书架
  • 预约/预借图书
  • 作者相关作品
  • 分类相关作品
  • 丛书相关作品
  • 出版社相关作品

书目信息

  • 表格格式
  • 工作单格式
  • 卡片格式
题名:
中国古代寓言故事
    
 
作者: 张昌 编著
分册:  
出版信息: 北京   中国少年儿童出版社  1984
页数: 173页
开本: 19cm
丛书名:
单 册:
中图分类: I286.7
科图分类:
主题词: 儿童文学-寓言--中国--古代--选集 , 寓言-儿童文学--中国--古代--选集 , 儿童文学--中国 , 儿童文学--中国--丛书
电子资源:
ISBN:
000 00777nam0 2200277 45
001 0184014436
005 20040408090205.1
010    @dCNY0.50
091    @aR10056.588
100    @a19950612d1984 cemy0chiy0121 ea
101 0  @achi
102    @aCN@b110000
105    @af z 000zy
106    @ar
200 10 @a中国古代寓言故事@Azhong guo gu dai yu yan gu shi@f张昌编著
210    @a北京@c中国少年儿童出版社@d1984
215    @a173页@c插图@d19cm
606    @a儿童文学-寓言@y中国@z古代@x选集
606    @a寓言-儿童文学@y中国@z古代@x选集
606 0  @a儿童文学@x中国
606 0  @a儿童文学@x中国@x丛书
690    @aI286.7
701  0 @a张昌@Azhang chang@4编著
801  0 @aCN@b上海图书馆@c20040408
801  2 @aCN@bNLC@c20040408
905    @f2@b124004-005@dI286.7@e43
    
    中国古代寓言故事/张昌编著.-北京:中国少年儿童出版社,1984
    173页:插图;19cm
    
    
    ISBN :CNY0.50
    
●
相关链接 在E读中查询图书 在五车中查询图书 在当当中查询图书 在豆瓣中查询图书


正题名:中国古代寓言故事     索取号:I286.7/43         预约/预借

序号 登录号 条形码 馆藏地/架位号 状态 备注
1 0124004   000891583   第二借阅区/ [索取号:I286.7/43] 在馆    
2 0124005   001651340   第一样本阅览室/ [索取号:I286.7/43] 在馆    
唐山师范学院图书馆 欢迎您!
大连网信软件有限公司© 版权所有